| 000 | 00780nam a2200157 a 4500 | ||
|---|---|---|---|
| 008 | 140729s2013 ||||||||||||||||| || u | ||
| 050 | _aUNESCWA(058) | ||
| 110 | _aUnited Nations Economic and Social Commission for Western Asia (ESCWA) | ||
| 245 | 1 | 0 |
_aSurvey of aid effectiveness in the Arab region _cBy United Nations Economic and Social Commission for Western Asia [ESCWA] |
| 260 |
_aNew York: _bUnited Nations Economic and Social Commisssion for Western Asia (UN-ESCWA) _c2013 |
||
| 300 | _aiii, 17p.: ill. | ||
| 500 | _aBibliography | ||
| 650 | _aAID EFFECTIVENESS--ARAB REGION | ||
| 650 | _aOFFICIAL DEVELOPMENT ASSISTANCE | ||
| 995 |
_FCBU-MAIN LIBRARY (Kitwe) _M1 _UAVAILABLE _WJul 30, 2014 _ZInternational Publications |
||
| 999 |
_c59154 _d59154 |
||